Statistiques concernant Politics and citizenship - part 1

Cliquez ici pour prendre le quiz!

Statistiques générales

  • Ce quiz a été pris 7 fois
  • Le résultat moyen est 66 sur 152

Statistiques - réponses

FrançaisAnglais% Correct
un gouvernement{a} {government}
100%
la couronne{the} {crown}
100%
l'état{the} {state}
100%
un citoyen{a} {citizen}
80%
un roi{a} {king}
80%
un royaume{a} {kingdom}
80%
un monarque{a} {monarch}
80%
une nation{a} {nation}
80%
un ressortissant{a} {national}
80%
un président{a} {president}
80%
un prince{a} {prince}
80%
une princesse{a} {princess}
80%
une reine{a} {queen}
80%
national{national}
80%
la famille royale{the} {royal} {family}
80%
un baron{a} {baron}
60%
l'abdication{abdication}
60%
une colonie{a} {colony}
60%
une confédération{a} {confederation}
60%
un pays{a} {country}
60%
un démocrate{a} {democrat}
60%
un anarchiste{an} {anarchist}
60%
l'anarchie{anarchy}
60%
un aristocrate{an} {aristocrat}
60%
un état-nation{a} {nation}-{state}
60%
une institution{an} {institution}
60%
un putsch{a} {putsch}
60%
un républicain{a} {republican}
60%
un sultan{a} {sultan}
60%
les droits civiques{civil} {rights}
60%
le communisme{communism}
60%
confédéral{confederal}
60%
confédéré{confederate}
60%
la démocratie et la république{democracy} {and} {republic}
60%
démocratique{democratic}
60%
le dénuement{destitution}
60%
la démocratie directe{direct} {democracy}
60%
le fascisme{fascism}
60%
la fraternité{fraternity}
60%
les droits de l'homme{human} {rights}
60%
en place, au pouvoir{in} {power}
60%
institutionnel{institutional}
60%
légitime{legitimate}
60%
la monarchie{monarchy}
60%
le nazisme{nazism}
60%
noble{noble}
60%
le pluralisme{pluralism}
60%
présidentiel{presidential}
60%
la démocratie représentative{representative} {democracy}
60%
républicain{republican}
60%
royal, du roi{royal}
60%
le royalisme{royalism}
60%
le socialisme{socialism}
60%
l'aristocratie{the} {aristocracy}
60%
la constitution{the} {constitution}
60%
le règne{the} {reign}
60%
le trône{the} {throne}
60%
une baronne{a} {baroness}
40%
une contesse{a} {countess}
40%
un coup d'état{a} {coup}
40%
un dictateur{a} {dictator}
40%
une dictature{a} {dictatorship}
40%
une duchesse{a} {duchess}
40%
un duc{a} {duke}
40%
un chef d'état{a} {head} {of} {state}
40%
un seigneur{a} {lord}
40%
un émir{an} {emir}
40%
un empereur{an} {emperor}
40%
un empire{an} {empire}
40%
un noble{a} {nobleman}
40%
une noble{a} {noblewoman}
40%
un pair{a} {peer}
40%
un putschiste{a} {putschist}
40%
aristocratique{aristocratic}
40%
un cheik{a} {sheik}
40%
un homme d'état{a} {statesman}
40%
un seigneur de guerre{a} {warlord}
40%
le colonialisme{colonialism}
40%
le conservatisme{conservatism}
40%
conservateur{conservative}
40%
dictatorial{dictatorial}
40%
l'égalité{equality}
40%
extrémiste{extremist}
40%
fasciste{fascist}
40%
impérial{imperial}
40%
l'impérialisme{imperialism}
40%
de gauche{left}-{wing}
40%
la légitimité{legitimacy}
40%
la liberté{liberty}, {freedom}
40%
modéré{moderate}
40%
le monarchisme{monarchism}
40%
le national-socialisme{national}-{socialism}
40%
démocratie participative{participative} {democracy}
40%
la pairie{peerage}
40%
les régimes politiques{political} {regimes}
40%
le radicalisme{radicalism}
40%
révolutionnaire{revolutionary}
40%
de droite{right}-{wing}
40%
la royauté{royalty}
40%
la séparation des pouvoirs{separation} {of} {powers}
40%
le parti conservateur{the} {conservative} {party}
40%
le petite noblesse{the} {gentry}
40%
le parti travailliste{the} {labour} {party}
40%
le seigneur (Dieu){the} {lord}
40%
la noblesse{the} {nobility}
40%
la police d'état{the} {state} {police}
40%
gouverner{to} {govern}
40%
succéder à quelqu'un{to} {succeed} {somebody}
40%
totalitaire{totalitarian}
40%
un comte{a} {count}/{an} {earl}
20%
un participant à un coup d'état{a} {coupster}
20%
un despote{a} {despot}
20%
une dame{a} {lady}
20%
un dirigeant{a} {leader}, {a} {ruler}
20%
l'altermondialisation{alter}-{globalization}
20%
une junte militaire{a} {military} {junta}
20%
une impératrice{an} {empress}
20%
une république/démocratie populaire{a} {people}'{s} {republic}/{democracy}
20%
un état policier{a} {police} {state}
20%
un royaume (sens figuré){a} {realm}
20%
un châtelain{a} {squire}
20%
un sujet{a} {subject}
20%
un tyran{a} {tyrant}
20%
de droit divin{by} {divin} {right}
20%
la lutte des classes{class} {struggle}
20%
le despotisme{despotism}
20%
les pleins pouvoirs{full} {powers}
20%
royal, d'apparence royale{kingly}
20%
travailliste{labour}
20%
votre grâce{milady}
20%
autres types de pouvoir absolu{other} {types} {of} {absolute} {power}
20%
doctrines et tendances politiques{political} {doctrines} {and} {trends}
20%
progressiste{progressive}
20%
réactionnaire{reactionary}
20%
l'héritier présomptif{the} {heir} {apparent}
20%
l'héritière{the} {heiress}
20%
le travaillisme{the} {labour} {doctrine}
20%
le sceptre{the} {sceptre}
20%
abdiquer{to} {abdicate}
20%
faire une tentative de coup d'état{to} {attempt} {a} {coup}
20%
déposer, détrôner un roi{to} {depose} {a} {king}
20%
fomenter{to} {foment}
20%
régner sur{to} {reign} {over}
20%
diriger/gouverner un pays{to} {rule}/{lead}/{run} {a} {country}
20%
usurper{to} {usurp}
20%
tyrannique{tyrannical}
20%
un couronnement, un sacre{a} {coronation}
0%
un souverain{a} {sovereign}
0%
la destitution{deposition}
0%
son altesse royale{his} {royal} {majesty}
0%
royal, majestueux{regal}
0%
la tyrannie{tyranny}
0%

Distribution des résultats

Percentile par nombre de réponses

% des personnes avec chaque résultat

Votre développement - résultats

Vous n’avez pas pris ce quiz